Armed self-defense: The Canadian case

Gespeichert in:  
Bibliographische Detailangaben
1. VerfasserIn: Mauser, Gary A. (Verfasst von)
Medienart: Elektronisch Aufsatz
Sprache:Englisch
Veröffentlicht: 1996
In: Journal of criminal justice
Jahr: 1996, Band: 24, Heft: 5, Seiten: 393-406
Online-Zugang: Volltext (lizenzpflichtig)
Verfügbarkeit prüfen: HBZ Gateway

MARC

LEADER 00000caa a22000002c 4500
001 1912460335
003 DE-627
005 20250126054935.0
007 cr uuu---uuuuu
008 241217s1996 xx |||||o 00| ||eng c
024 7 |a 10.1016/0047-2352(96)00026-8  |2 doi 
035 |a (DE-627)1912460335 
035 |a (DE-599)KXP1912460335 
040 |a DE-627  |b ger  |c DE-627  |e rda 
041 |a eng 
084 |a 2,1  |2 ssgn 
100 1 |a Mauser, Gary A.  |e VerfasserIn  |4 aut 
245 1 0 |a Armed self-defense: The Canadian case 
264 1 |c 1996 
336 |a Text  |b txt  |2 rdacontent 
337 |a Computermedien  |b c  |2 rdamedia 
338 |a Online-Ressource  |b cr  |2 rdacarrier 
773 0 8 |i Enthalten in  |t Journal of criminal justice  |d New York, NY [u.a.] : Pergamon Press, 1973  |g 24(1996), 5, Seite 393-406  |h Online-Ressource  |w (DE-627)320510484  |w (DE-600)2013351-0  |w (DE-576)259484784  |x 0047-2352  |7 nnas 
773 1 8 |g volume:24  |g year:1996  |g number:5  |g pages:393-406 
856 4 0 |u https://doi.org/10.1016/0047-2352(96)00026-8  |x Resolving-System  |z lizenzpflichtig  |3 Volltext  |7 1 
935 |a mkri 
951 |a AR 
ELC |a 1 
LOK |0 000 xxxxxcx a22 zn 4500 
LOK |0 001 4637425824 
LOK |0 003 DE-627 
LOK |0 004 1912460335 
LOK |0 005 20241217044144 
LOK |0 008 241217||||||||||||||||ger||||||| 
LOK |0 035   |a (DE-2619)ICPSR20556 
LOK |0 040   |a DE-2619  |c DE-627  |d DE-2619 
LOK |0 092   |o n 
LOK |0 852   |a DE-2619 
LOK |0 852 1  |9 00 
LOK |0 935   |a nacp 
LOK |0 939   |a 17-12-24  |b l01 
ORI |a SA-MARC-krimdoka001.raw